000 00380nam a2200145 i 4500
001 23644
003 ES-MaACL
007 t|
008 021211s1916 sp ||||1| spa d
100 1 _aAmbrogi, Arturo.
_921171
245 1 0 _aCrónicas marchitas /
_cArturo Ambrogi.
260 _a[S.l.] :
_b"Centro Americano",
_c1916.
300 _a125 p. ;
_c20 cm.
852 _aES-MaACL
_jG-4574
999 _c23644
_d23644